<The> Global crisis and some changes in competitiveness in Visegrad Group countries

Guardado en:
Detalles Bibliográficos
Autor principal: Kendera, Tomáš
Formato: Capítulo de libro
Lenguaje:inglés
Etiquetas: Agregar Etiqueta
Sin Etiquetas, Sea el primero en etiquetar este registro!

MARC

LEADER 00000nla a2200000 4500
001 0199189
005 20240502073351.8
041 0 |a eng 
044 |a SK 
245 1 0 |a <The> Global crisis and some changes in competitiveness in Visegrad Group countries  |c Tomáš Kendera 
100 1 |a Kendera, Tomáš